| 000 | 01013cam a22002417a 4500 | ||
|---|---|---|---|
| 020 | _a0727732641 | ||
| 020 | _a9780727732644 | ||
| 082 | 0 | 4 |
_a624 _bCON _cN-01, P-90 |
| 245 | 0 | 0 |
_aAdvances in geotechnical engineering : _bthe Skempton conference : proceedings of a three day conference on advances in geotechnical engiineering, organised by the Institution of Civil Engineers and held at the Royal Geographical Society, London, UK, on 29-31 March 2004 / _cedited by R.J. Jardine, D.M. Potts, K.G. Higgins. |
| 260 |
_aLondon : _bThomas Telford, _c2004. |
||
| 300 |
_a3 v. : _bill., maps ; _c24 cm. |
||
| 505 | 2 | _av. 3. Supplement. | |
| 526 |
_a0 _b0 _c0 _d624_000000000000000_CON |
||
| 650 | 0 | _aGeotechnical engineering | |
| 650 | 0 |
_aNUST _96342 |
|
| 650 | 0 |
_aRock mechanics _923489 |
|
| 650 | 0 | _aSoil mechanics | |
| 700 | 1 |
_aHiggins, K. G. _942379 |
|
| 700 | 1 |
_aJardine, Richard, _942380 |
|
| 700 | 1 |
_aPotts, D. M. _942381 |
|
| 710 | 2 |
_aInstitution of Civil Engineers (Great Britain) _925323 |
|
| 942 |
_2ddc _cBK |
||
| 999 |
_c550601 _d550601 |
||